| 000 | 01557cam a2200361 a 4500 | ||
|---|---|---|---|
| 001 | EDZ0000019170 | ||
| 003 | StDuBDS | ||
| 005 | 20161031105215.0 | ||
| 006 | m||||||||d|||||||| | ||
| 007 | cr ||||||||||| | ||
| 008 | 120312s2008 caua fo| 001|0|eng|d | ||
| 020 |
_a9781848608443 (ebook) : _cNo price |
||
| 040 |
_aStDuBDS _beng _cStDuBDS _epn |
||
| 049 | _aAlfaisal Main Library | ||
| 050 | 0 |
_aHM621 _b.S215 2008 |
|
| 082 | 0 | 4 |
_a306.01 _223 |
| 245 | 0 | 4 |
_aThe SAGE handbook of cultural analysis _h[electronic resource] / _cedited by Tony Bennett and John Frow. |
| 246 | 3 | 0 | _aCultural analysis |
| 260 |
_aLos Angeles, [Calif.] ; _aLondon : _bSAGE, _c2008. |
||
| 300 |
_a1 online resource (xii, 732 p.) : _bill. |
||
| 520 | 8 | _aWith the 'cultural turn', the concept of culture has assumed enormous importance in our understanding of the interrelations between social, political and economic structures, patterns of everyday interaction, and systems of meaning-making. In this book, leading figures in their fields explore the implications of this paradigm shift. | |
| 521 | _aSpecialized. | ||
| 588 | _aDescription based on print version record. | ||
| 504 | _aIncludes bibliographical references and index. | ||
| 650 | 0 | _aCulture. | |
| 655 | 7 |
_aElectronic books. _2local |
|
| 700 | 1 |
_aBennett, Tony, _d1947- |
|
| 700 | 1 |
_aFrow, John, _d1948- |
|
| 710 | 2 | _aSage eBooks | |
| 776 | 0 | 8 |
_iPrint version : _z9780761942290 |
| 856 | 4 | 0 | _uhttp://ezproxy.alfaisal.edu/login?url=http://sk.sagepub.com/reference/hdbk_culturanalysis |
| 942 |
_2lcc _cEBOOKS |
||
| 999 |
_c481684 _d481684 |
||